| 000 | 00510nam a2200181Ia 4500 | ||
|---|---|---|---|
| 999 |
_c31388 _d31388 |
||
| 003 | OSt | ||
| 005 | 20200729103157.0 | ||
| 008 | 190216s9999||||xx |||||||||||||| ||und|| | ||
| 020 | _a8173190402 | ||
| 040 | _coclc | ||
| 082 |
_a515.9 _bPON/F |
||
| 100 |
_aPonnusamy, S _93733 |
||
| 245 | 0 |
_aFoundations Of Complex Analysis / _cS Ponnusamy |
|
| 260 |
_bNarosa Publishing, _c1985. _aNew Delhi: |
||
| 300 | _a464p | ||
| 650 | _aMathematics | ||
| 942 |
_cBK _2ddc _h515.9 _iPON/F _k515.9 _mPON/F |
||